Song Text Wissen 4 - Statistiken

Allgemein
  • Dieses Quiz wurde 139 mal gespielt
  • Das Durchschnittsergebnis liegt bei 144 aus 205
Antwortstatistiken
Antwort % Korrekt
die
94%
rosi
87%
im
86%
der
85%
ich
85%
skandal
85%
um
82%
ein
81%
sperrbezirk
81%
und
78%
schon
77%
nummer
76%
sich
75%
hat
74%
in
74%
das
73%
ihre
73%
nacht
73%
telefon
73%
stadt
72%
füsse
71%
platt
71%
stehen
71%
ganz
70%
hab
70%
nutten
69%
auch
68%
8
67%
draussen
67%
ganze
67%
vor
66%
es
65%
grossen
65%
16
64%
herrscht
63%
konjunktur
63%
nur
63%
weil
63%
hotel
61%
münchen
61%
unter
61%
damen
60%
ist
60%
steht
60%
32
59%
den
59%
jeder
58%
langweilen
57%
ja
56%
raus
56%
keine
55%
müssen
55%
doch
54%
freudenhäuser
54%
hofbräuhaus
54%
rosis
54%
wie
54%
dieser
53%
dass
52%
schönen
52%
wählt
52%
chance
51%
damit
50%
einfach
50%
gut
50%
laster
49%
täglich
49%
wenn
49%
informiert
48%
gibt
47%
nicht
47%
frau
46%
inseriert
46%
sehnsucht
45%
deine
44%
quält
43%
dich
41%
liebt
38%
l´amour
4%
Keine übereinstimmenden Quizze gefunden
Verteilung der Resultate
Anzahl Personen mit jedem Resultat
Perzentil nach korrekt beantworteten Fragen
Ihre Resultats-Entwicklung
Sie haben dieses Quiz noch nicht gespielt